000 00557nam a2200205Ia 4500
003 OSt
005 20220926041042.0
006 a|||||r|||| 00| 0
007 ta
008 220923b |||||||| |||| 00| 0 eng d
037 _cGeneral Book
040 _aRTL
_cRTL
_beng
041 _2eng
_aeng
082 _aX:991.73.N4, H8
100 _aPierson J. H. G.
_9344457
245 0 _aFiscal policy for full employment
650 _aJob Evaluation
_9241457
942 _hX:991.73.N4, H8
_cGB
_2CC
999 _c666240
_d666240